Apología de Sócrates
I tiakina i:
| Kaituhi matua: | |
|---|---|
| Hōputu: | Pukapuka |
| Reo: | Pāniora |
| I whakaputaina: |
Santiago
Universitaria
1990
|
| Putanga: | 21a. ed |
| Rangatū: | Colección los Clásicos
|
| Ngā marau: | |
| Ngā Tūtohu: |
Tāpirihia he Tūtohu
Kāore He Tūtohu, Me noho koe te mea tuatahi ki te tūtohu i tēnei pūkete!
|
MARC
| LEADER | 00000nam a2200000 a 4500 | ||
|---|---|---|---|
| 001 | UCX4351 | ||
| 003 | CL-VaPUC | ||
| 008 | 920415e19900000CL |||||||||||||||||spa|d | ||
| 082 | 0 | 4 | |a 183.2 |b PLA |2 21 |
| 100 | 0 | |a Platón |e author |9 222 | |
| 245 | 1 | 0 | |a Apología de Sócrates |
| 250 | |a 21a. ed | ||
| 300 | |a 74 p | ||
| 942 | |c BK | ||
| 945 | |d 19920415 00:00:00 | ||
| 260 | |a Santiago |b Universitaria |c 1990 | ||
| 600 | 0 | |a Sócrates |9 266368 | |
| 583 | |a last modification |c 19920415 00:00:00 |k Rodrigo Vera | ||
| 490 | 0 | |a Colección los Clásicos | |
| 999 | |c 224834 |d 224832 | ||
| 952 | |0 0 |1 0 |2 ddc |4 0 |6 183_200000000000000_PLA_1990 |7 0 |8 A |9 221827 |a BIBTEO |b BIBTEO |d 2019-11-15 |i 2906961 |l 4 |o 183.2 PLA 1990 |p 2906961 |r 2025-01-17 |s 2024-03-04 |w 2019-11-15 |y BK |k ICR | ||